| 000 | 00387cam a2200169ua 4500 | ||
|---|---|---|---|
| 020 | _c1.50 | ||
| 041 |
_amal _h |
||
| 082 |
_a301 _bPAV/PR |
||
| 100 | _aPavanan, . | ||
| 245 |
_aPremavum vivahavum / _cPavanan. _hTextual Documents |
||
| 260 |
_aThrissur : _bCurrent Books , _c1965. |
||
| 300 | _a110 ; . | ||
| 365 | _a1.50 | ||
| 504 | _a | ||
| 942 | _cBK | ||
| 999 |
_c4409 _d4409 |
||